| 000 | 00951nam a2200241Ia 4500 | ||
|---|---|---|---|
| 003 | GCL | ||
| 005 | 20240530104217.0 | ||
| 008 | 140319s199? ua 000 0 ara d | ||
| 040 |
_aGCL / _cGCL |
||
| 082 | 0 | 4 |
_a372.21/ _bى ت |
| 100 | 0 | _aيسرية صادق | |
| 245 | 1 | 0 |
_aتصميم البرنامج التربوى للطفل (فى مرحلة ماقبل المدرسة) / _cاعداد يسرية صادق، زكريا الشربينى ؛ تقديم فوزية دياب |
| 260 |
_aالقاهرة : _bدار الفكر الجامعى، _c[199-]. |
||
| 300 | _a345 ص | ||
| 490 |
_aدراسات فى الطفولة _v0 |
||
| 650 | 0 | 4 | _aعلم النفس التربوى |
| 650 | 0 | 4 | _aعلم النفس الارتقائى |
| 650 | 0 | 4 | _aالطفل والمدرسة |
| 650 | 0 | 4 | _aاطفال ما قبل المدرسة |
| 700 | 1 |
_aفوزىة دياب _eمقدم |
|
| 700 | 1 |
_aزكريا الشربينى _eمؤلف مشارك |
|
| 942 |
_2ddc _cBK |
||
| 999 |
_c45514 _d45514 |
||